| 000 | 01086nam a22002057a 4500 | ||
|---|---|---|---|
| 999 |
_c60399 _d60399 |
||
| 003 | Ge_BSU | ||
| 005 | 20230712101445.0 | ||
| 008 | 230712s1998ge xxu||||| |||| 00| 0 geo d | ||
| 041 | _ageo | ||
| 080 | _a 902(479.22) გ-19 | ||
| 100 |
_aგამყრელიძე, გ. (გელა) _919256 |
||
| 245 |
_aფოთი-ფასისის ტოპოარქეოლოგიისათვის / _cგელა გამყრელიძე ; რედ. ოთ. ლორთქიფანიძე |
||
| 264 |
_aთბილისი, _c1998. |
||
| 300 |
_a 30 გვ. : _b რუკ. ; _c 20 სმ. |
||
| 504 | _aბიბლიოგრ.: გვ. 22-28 | ||
| 653 | _a საქართველოს არქეოლოგია; საქართველოს ქალაქების ისტორია; | ||
| 700 |
_aლორთქიფანიძე, ოთარ _eრედაქტორი _91433 |
||
| 710 |
_a საქ. მეცნ. აკად.; არქეოლ. კვლევის ცენტრი _919257 |
||
| 942 |
_2udc _cBK |
||